000 01205nam a2200241Ia 4500
999 _c53556
_d53556
001 20602
003 GE_BSU
005 20210225152638.0
008 181216s1986||||ge |||||||||||||| || ||
040 _cGE_BSU
041 _ageo
080 _a1(1-662) ბ-95
100 _aბუაჩიძე, თამაზ
_9389
245 _aთანამედროვე ბურჟუაზიული ფილოსოფიის სათავეებთან (ა. შოპენჰაუერი, ფ. ნიცშე, ს. კირკეგორი) /
_cთამაზ ბუაჩიძე ; რედ. დ. ქერქაძე.
264 _aთბილისი :
_bმეცნიერება,
_c1986.
300 _a102 გვ. ;
_c21 სმ.
546 _aრეზიუმე რუსულ ენაზე
653 _aბურჟუაზიული ფილოსოფია
653 _aთანამედროვე ბურჟუაზიული ფილოსოფიის სათავეებთან
653 _aფილოსოფია
700 _aქერქაძე, დ.
_eრედაქტორი
_93560
942 _cBK
_2udc